Pension reform, private savin, and the current account in a small open economy

Salvato in:
Dettagli Bibliografici
Autore principale: Schimmelpfennig, Axel
Natura: Libro
Lingua:inglese
Pubblicazione: Washington International Monetary Fund 2000
Serie:IMF Working Paper WP/00/171
Soggetti:
Tags: Aggiungi Tag
Nessun Tag, puoi essere il primo ad aggiungerne!!

MARC

LEADER 00000nam a2200000 4500
001 c124427
005 20221221083148.2
041 0 |a eng 
044 |a US 
245 1 0 |a Pension reform, private savin, and the current account in a small open economy  |c Axel Schimmelpfennig 
264 1 |a Washington  |b International Monetary Fund  |c 2000 
300 |a 29 s. 
490 1 |a IMF Working Paper  |v WP/00/171 
830 0 |a IMF Working Paper  |v WP/00/171 
610 2 0 |a penzie 
610 2 0 |a reformy 
610 2 0 |a úspory 
610 2 0 |a úspory obyvateľstva 
610 2 0 |a účty bežné 
610 2 0 |a hospodárstvo otvorené 
100 1 |a Schimmelpfennig, Axel